000 02195cam a2200613 a 4500
001 21770
003 VRT
005 20260309142848.0
008 160610s2014 xr a b 000 j slo
015 _aSNBZSA2015
020 _a9788025222003 (viaz.)
035 _aB2C96A87-E448-44F0-9191-AF898029A9E4
035 _aurn:nbn:sk:snk-amkwyh
035 _aurn:nbn:sk:snk-am0082lz
039 9 _a201606101404
_bVLOAD
_c201605260746
_dmttkjf04
_c201604291747
_dVLOAD
_c201604280948
_dVLOAD
040 _aPPPK
_bslo
_cPPPK
_dSNK
_eAACR2
041 1 _aslo
_heng
044 _axr
_cCZ
072 7 _a821.111(73)-3
_xAmerická próza
_2konspekt
072 7 _a821-93
_xLiteratúra pre deti a mládež
_2konspekt
080 _a821.111(73)-34
_22001
080 _a821.111(73)-32
_22001
080 _a821-93
_22001
110 2 _aDisney Enterprises
240 1 0 _aGood night stories 3
_lSlovensky
245 1 0 _aRozprávky na dobrú noc
_n3
_cDisney Enterprises
250 _a1. vyd.
260 _aPraha
_bEgmont ČR
_c2014
300 _a63 s.
_bfareb. ilustr.
_c28 cm
490 1 _aDisney
500 _aDokument obsahuje 4 diela
500 _aPravdepodobne prel. z angl.
655 7 _aamerické rozprávky
_2SNKPH
655 7 _aautorské rozprávky
_2SNKPH
655 7 _arozprávkové príbehy
_2SNKPH
655 7 _apublikácie pre deti
_2SNKPH
655 7 _aAmerican fairy tales
_2SNKPHeng
655 7 _aFairy tales
_2SNKPHeng
655 7 _aChildren's literature
_2SNKPHeng
710 2 2 _aDisney Enterprises
_tWinnie the Pooh
_lSlovensky
710 2 2 _aDisney Enterprises
_tThe Lion King
_lSlovensky
710 2 2 _aDisney Enterprises
_tTinker Bell and the Lost Treasure
_lSlovensky
710 2 2 _aDisney Enterprises
_tCars - Deputy Mater
_lSlovensky
740 0 2 _aMacko Puf
740 0 2 _aLeví kráľ
740 0 2 _aCililing Stratený poklad
740 0 2 _aAutá Mater zástupcom šerifa
830 0 _aDisney (Egmont)
910 _atotk
910 _attkjf
942 _2ddc
_cKLDE
_n0
949 _617A1118663
_asnkSB 87427/3
_bsnk2014/23430
_oVydavatelství a nakladatelství Aleš Čeněk75-ah/52Int. č. fa – 45/2014
_s6100:20151005
949 _63869A11552
_abpksh821.111(73)-34
_bbpksh64966
999 _c21770
_d21770